| 000 | 00691nam a22002297a 4500 | ||
|---|---|---|---|
| 003 | UA-OsUOA | ||
| 001 | 123870 | ||
| 007 | ta | ||
| 008 | 20170717b un ||||| |||| 00| 0 ukr d | ||
| 090 |
_a2(091)(477) _bІ-99 |
||
| 942 | _cBK | ||
| 040 |
_aUA-OsUOA _bukr _cUA-OsUOA _dUA-OsUOA |
||
| 245 |
_aІсторія релігій в Україні _bнауковий щорічник _cза заг. ред. М. Капраля, О. Киричук, І. Орлевич |
||
| 300 | _a716 с. | ||
| 955 | _a1 | ||
| 041 | _aukr | ||
| 080 | _a2(091)(477) | ||
| 260 |
_aЛьвів _bЛогос _c2017 |
||
| 250 | _nВип. 27 | ||
| 650 | 7 |
_a2 Релігія. Теологія. _2UDC |
|
| 999 |
_c411045 _d411045 |
||